000 00568nmm a22001817a 4500
003 OSt
005 20240508120404.0
006 eBook
008 240508b |||||||| |||| 00| 0 eng d
040 _cMRSPTU
100 _aSiddharth Balakrishna
245 _aIntroduction to the CAT : Tips From an IIM Alumunus
250 _a1st
260 _aNew Delhi
_bPearson
_c2012
600 _2Management
856 _3Click here to access the e-book
_uhttps://ebookcentral.proquest.com/lib/gzsptuc/detail.action?docID=5124902&query=Introduction+to+the+CAT
942 _2ddc
_cEB
_n1
999 _c10212
_d10212